000 00876nam a22002777a 4500
001 BR2018000275
003 BR-BrBNA
005 20230928105228.0
007 ta
008 230509b bl.||||| |||| 00| 0 por d
040 _aBR-BrBNA
_bpor
_cBiblioteca Nacional de Agricultura
041 _a(Por)
072 _aL73
_b5212
090 _ 5212 BR2018000275
100 1 _aRodrigues, D.L.
110 1 _aUniversidade Federal do paraná, Curitiba (Brasil)
_0Tese (Mestrado)
245 1 _aAnálise do sistema brasileiro de vigilância da encefalopatia espongiforme bovina
260 3 _aCuritiba, PR (Brasil):
_c2011.
300 _a113 p.
500 _aSummaries (Eng, Por); Bibliography p. 103-112; 20 tables; 12 illus.
650 _aBOVINO
650 _aDOENÇA DA VACA LOUCA
650 _aINSPEÇÃO SANITÁRIA
909 _a202309
_bLucia
_c55
_dLucia Elande
942 _cBK
999 _c84158
_d84158